000 00799nab a2200241 u 4500
001 17596
003 HDC
007 cr bn ---aaaaa
008 210224c20100126xx dr|noo 0 a eng d
040 _aHDC
245 0 _aMarketTrend: Kosher- and Halal-Certified Foods in the U.S.
260 _a[No place] :
_b[publisher not identified],
_c2010
336 _atext
_2rdacontent
337 _acomputer
_2rdamedia
338 _aonline resource
_2rdacarrier
650 _aKosher and Halal Foods
_916911
650 _aMarket trend
_916912
710 _aHalal focus
856 _zRequest full-text at [email protected]
942 _2lcc
942 _cNEWS
942 _kNWSO 005965
999 _c14912
_d14912